Loading...
| Social Science | 0 | 5 | 0 | 1 | 50 | 34 | 75.60 | 2 | 3 | 17.79 | 36.82 |
| History - World | 0 | 4 | 0 | 0 | 40 | 23 | 79.50 | 1 | 1 | 17.01 | 26.21 |
| Fine Arts - Painting and Sculpture | 0 | 4 | 0 | 0 | 40 | 68 | 85.75 | 0 | 0 | 12.47 | 17.73 |
| History - American | 0 | 4 | 0 | 0 | 40 | 40 | 64.00 | 2 | 3 | 19.76 | 33.33 |
| History - European | 0 | 3 | 1 | 1 | 25 | 65 | 87.33 | 1 | 2 | 9.11 | 18.18 |
| Science - Biology | 0 | 3 | 1 | 0 | 25 | 31 | 47.33 | 0 | 2 | 17.05 | 24.02 |
| Literature - European | 0 | 2 | 0 | 1 | 20 | 78 | 109.00 | 0 | 1 | 4.31 | 8.03 |
| History - Other | 0 | 2 | 0 | 0 | 20 | 79 | 100.50 | 0 | 0 | 3.42 | 5.83 |
| Literature - American | 0 | 2 | 0 | 0 | 20 | 101 | 117.00 | 0 | 0 | 3.04 | 11.67 |
| Philosophy | 0 | 2 | 1 | 0 | 15 | 79 | 79.50 | 0 | 0 | 6.26 | 12.50 |
| Current Events | 0 | 1 | 0 | 0 | 10 | 51 | 51.00 | 1 | 1 | 28.75 | 50.00 |
| Fine Arts - Other | 0 | 1 | 0 | 0 | 10 | 129 | 129.00 | 0 | 0 | 0.00 | 0.83 |
| Other Academic | 0 | 1 | 0 | 0 | 10 | 72 | 72.00 | 0 | 0 | 10.60 | 18.75 |
| Religion | 0 | 1 | 0 | 0 | 10 | 80 | 80.00 | 0 | 1 | 3.60 | 8.33 |
| Science - Physics | 0 | 2 | 2 | 1 | 10 | 114 | 118.50 | 0 | 0 | 0.42 | 6.82 |
| Literature - British | 0 | 0 | 0 | 0 | 0 | 0.00 | 0 | 0 | 0.00 | 0.00 | |
| Literature - World | 0 | 0 | 1 | 0 | -5 | 0.00 | 0 | 0 | 0.00 | 0.00 | |
| Science - Chemistry | 0 | 0 | 1 | 0 | -5 | 0.00 | 0 | 0 | 0.00 | 0.00 | |
| Science - Other | 0 | 0 | 1 | 0 | -5 | 0.00 | 0 | 0 | 0.00 | 0.00 | |
| Mythology | 0 | 1 | 3 | 0 | -5 | 131 | 131.00 | 0 | 0 | 0.15 | 2.50 |